| 000 | 00467nam a22001697a 4500 | ||
|---|---|---|---|
| 005 | 20251108175435.0 | ||
| 008 | 250721s2015 xx 000 0 ara d | ||
| 082 | 1 | 4 | _a811.9565/يعق |
| 100 | 1 | _aيعقوب، سعيد | |
| 245 | 1 | 0 | _aمقديسات/شعر / |
| 264 | 1 |
_aعمان : _bأمواج للنشر و التوزيع، _c2015. |
|
| 300 | _a118ص. | ||
| 650 | 1 | 7 | _aالشعر العربي |
| 650 | 1 | 7 | _aالأردن |
| 942 |
_2ddc _cBK |
||
| 999 |
_c134159 _d134159 |
||